Skoczkowie z punktami Pucharu Świata w skokach 22/23 - Statystyki

Ogólne statystyki
  • Ten quiz został rozwiązany 89 razy
  • Średni wynik to 49 z 87
Statystyki odpowiedzi
Miejsce Skoczek Narodowość Punkty % Poprawnych
14. Kamil Stoch Polska 608
99%
4. Dawid Kubacki Polska 1592
97%
63. Junshirō Kobayashi Japonia 14
97%
5. Ryōyū Kobayashi Japonia 1065
97%
2. Stefan Kraft Austria 1790
97%
3. Anže Lanišek Słowenia 1679
96%
6. Piotr Żyła Polska 984
96%
Domen Prevc Słowenia 449
95%
25. Peter Prevc Słowenia 274
95%
1. Halvor Egner Granerud Norwegia 2128
93%
11. Karl Geiger Niemcy 736
90%
26. Gregor Deschwanden Szwajcaria 270
84%
31. Paweł Wąsek Polska 190
84%
8. Timi Zajc Słowenia 853
84%
7. Andreas Wellinger Niemcy 902
81%
32. Aleksander Zniszczoł Polska 181
79%
Maciej Kot Polska 4
79%
47. Simon Ammann Szwajcaria 38
79%
33. Giovanni Bresadola Włochy 170
78%
16. Johann André Forfang Norwegia 574
78%
39. Władimir Zografski Bułgaria 63
78%
21. Robert Johansson Norwegia 387
77%
38. Antti Aalto Finlandia 69
75%
10. Manuel Fettner Austria 755
75%
15. Markus Eisenbichler Niemcy 607
75%
49. Artti Aigro Estonia 33
73%
18. Daniel-André Tande Norwegia 449
73%
Killian Peier Szwajcaria 6
73%
48. Mackenzie Boyd-Clowes Kanada 35
73%
Keiichi Satō Japonia 14
71%
54. Yukiya Satō Japonia 21
71%
46. Alex Insam Włochy 40
67%
37. Niko Kytosaho Finlandia 77
67%
68. Roman Koudelka Czechy 11
67%
Stefan Hula Polska 4
67%
22. Lovro Kos Słowenia 309
64%
20. Marius Lindvik Norwegia 393
64%
9. Daniel Tschofenig Austria 851
63%
13. Jan Hörl Austria 639
63%
12. Michael Hayböck Austria 688
63%
Pius Paschke Niemcy 168
62%
24. Naoki Nakamura Japonia 275
60%
Jewhen Marusiak Ukraina 21
59%
17. Žiga Jelar Słowenia 498
59%
23. Constantin Schmid Niemcy 280
58%
45. Dominik Peter Szwajcaria 44
58%
28. Stephan Leyhe Niemcy 231
56%
Fatih Arda İpcioğlu Turcja 16
55%
Daniel Cacina Rumunia 2
53%
29. Clemens Aigner Austria 227
51%
27. Kristoffer Eriksen Sundal Norwegia 246
51%
74. Decker Dean Stany Zjednoczone 6
49%
34. Philipp Aschenwald Austria 168
49%
50. Tomasz Pilch Polska 30
48%
62. Eetu Nousiainen Finlandia 15
47%
44. Jan Habdas Polska 48
45%
30. Philipp Raimund Niemcy 218
45%
Kevin Maltsev Estonia 1
44%
Casey Larson Stany Zjednoczone 13
42%
Erik Belshaw Stany Zjednoczone 17
42%
57. Kacper Juroszek Polska 18
42%
43. Ren Nikaidō Japonia 49
40%
82. Taku Takeuchi Japonia 2
40%
66. Vilho Palosaari Finlandia 13
38%
Andrew Urlaub Stany Zjednoczone 5
37%
Remo Imhof Szwajcaria 14
36%
Radek Rýdl Czchy 1
34%
36. Bendik Jakobsen Heggli Norwegia 85
30%
41. Clemens Leitner Austria 59
30%
Fredrik Villumstad Norwegia 10
29%
81. Maximilian Ortner Austria 3
29%
51. Žak Mogel Słowenia 29
27%
78. Anders Fannemel Norwegia 4
26%
52. Jonas Schuster Austria 26
26%
42. Rok Masle Słowenia 51
26%
70. Felix Hoffmann Niemcy 10
25%
53. Sondre Ringen Norwegia 24
25%
Danił Wasiljew Kazachstan 2
23%
40. Justin Lisso Niemcy 60
23%
58. Benjamin Østvold Norwegia 17
22%
60. Maximilian Steiner Austria 16
22%
Maksim Bartolj Słowenia 11
19%
72. Markus Müller Austria 8
19%
85. Urlich Wohlgenannt Austria 1
19%
76. Matija Vidic Słowenia 5
15%
56. Joacim Ødegård Bjøreng Norwegia 19
11%
73. Markus Rupitsch Austria 7
8%
Nie znaleziono quizów pasujących do podanych kryteriów
Rozkład punktacji
Procent ludzi z każdym wynikiem
Percentyl według liczby udzielonych odpowiedzi
Twoja historia wyników
Nie rozwiązałeś tego quizu